000 00280nam a2200097Ia 4500
082 _aJ 520.90 GREA
245 0 _aSkygazers : from Hypatia to Faber
100 _a Greathouse, Lisa E. Minneapolis, MN, 2009
_984693
942 _cBK
008 210817s9999 xx 000 0 und d
999 _c311509
_d311509